| 000 -LEADER |
| fixed length control field |
00772nam a2200217Ia 4500 |
| 001 - CONTROL NUMBER |
| control field |
17492 |
| 003 - CONTROL NUMBER IDENTIFIER |
| control field |
GE_BSU |
| 005 - DATE AND TIME OF LATEST TRANSACTION |
| control field |
20200217171935.0 |
| 008 - FIXED-LENGTH DATA ELEMENTS--GENERAL INFORMATION |
| fixed length control field |
181216s2009||||enk|||||||||||||| ||eng|| |
| 020 ## - INTERNATIONAL STANDARD BOOK NUMBER |
| International Standard Book Number |
9786130274467 |
| 040 ## - CATALOGING SOURCE |
| Transcribing agency |
GE_BSU |
| 080 ## - UNIVERSAL DECIMAL CLASSIFICATION NUMBER |
| Universal Decimal Classification number |
639+639.6 M-70 |
| 100 ## - MAIN ENTRY--PERSONAL NAME |
| Personal name |
Miller, Frederic P. |
| 9 (RLIN) |
7122 |
| 245 ## - TITLE STATEMENT |
| Title |
Fish Farming: |
| Remainder of title |
Aquaculture, Mariculture, Recreational fishing, Hatchery, Salmon, Carp, Tilapia, Catfish, Cod, Commercial fishing, Market, Demand (economics), Overfishing, Wild fisheries, Protein / |
| Statement of responsibility, etc. |
Frederic P. Miller. |
| 264 ## - PRODUCTION, PUBLICATION, DISTRIBUTION, MANUFACTURE, AND COPYRIGHT NOTICE |
| Date of production, publication, distribution, manufacture, or copyright notice |
2009. |
| 300 ## - PHYSICAL DESCRIPTION |
| Extent |
151 p. |
| Other physical details |
30 cm. |
| 653 ## - INDEX TERM--UNCONTROLLED |
| keyword |
თევზის მეურნეობა |
| 653 ## - INDEX TERM--UNCONTROLLED |
| keyword |
აკვაკულტურა |
| 653 ## - INDEX TERM--UNCONTROLLED |
| keyword |
მებაღეობა |
| 942 ## - ADDED ENTRY ELEMENTS (KOHA) |
| Koha item type |
წიგნი |
| Source of classification or shelving scheme |
|